Statistiques concernant Logo/ Marque quizz #1

Cliquez ici pour prendre le quiz!

Statistiques générales

  • Ce quiz a été pris 216 fois
  • Le résultat moyen est 16 sur 26

Statistiques - réponses

Réponse% Correct
Orangina
97%
La poste
95%
Red bull
95%
Charal
94%
Free
94%
Toyota
92%
Babybel
90%
Jaguar
86%
Nutella
80%
Alfa Romeo
72%
Hot wheels
69%
San Pellegrino
69%
Yahoo
66%
Get
65%
EDF
58%
Purina one
57%
Dior
54%
Uniqlo
52%
Intel
51%
Mango
48%
Kayak
31%
William Saurin
30%
Victoria's Secret
25%
Qwant
23%
Zapetti
23%
XO
14%

Distribution des résultats

Percentile par nombre de réponses

% des personnes avec chaque résultat

Votre développement - résultats

Vous n’avez pas pris ce quiz